[Event "Skakligaen 2005/06"]
[Site "Denmark"]
[Date "2006.03.18"]
[Round "8.7"]
[White "Hansen, Per"]
[Black "Jensen, Ib"]
[Result "1-0"]
[WhiteElo "2140"]
[BlackElo "2004"]
[PlyCount "117"]
[EventDate "2005.11.05"]
[EventType "team"]
[EventRounds "9"]
[EventCountry "DEN"]
[WhiteTeam "Nordre"]
[BlackTeam "Helsingor"]
[WhiteTeamCountry "DEN"]
[BlackTeamCountry "DEN"]

1. d4 Nf6 2. c4 e6 3. Nc3 Bb4 4. e3 O-O 5. Bd3 d6 6. Nge2 e5 7. O-O Bg4 8. f3
Bh5 9. a3 Bxc3 10. bxc3 Bg6 11. e4 h6 12. Rb1 b6 13. Be3 Nbd7 14. g4 Nh7 15.
Qe1 Re8 16. Qf2 Qe7 17. d5 h5 18. h3 Nc5 19. Bc2 Ng5 20. Qg2 hxg4 21. Qxg4 Nh7
22. Qg2 Qh4 23. Kh2 Nf8 24. Rg1 Qh7 25. Ng3 Nfd7 26. Rh1 Nf6 27. Rbg1 Rab8 28.
Nf5 Bxf5 29. exf5 e4 30. Bd4 exf3 31. Qxf3 Qh5 32. Rxg7+ Kf8 33. Qxh5 Nxh5 34.
Rg2 Nf4 35. Rf2 Re2 36. Rxe2 Nxe2 37. Re1 Nxd4 38. cxd4 Nd7 39. Kg3 Nf6 40. Ba4
a6 41. Bc6 b5 42. cxb5 axb5 43. Rb1 Ne4+ 44. Kf4 Nc3 45. Rb3 Ne2+ 46. Ke4 Rb6
47. f6 Kg8 48. Re3 Nc1 49. Rc3 Ne2 50. Re3 Nc1 51. Re1 Nb3 52. Rg1+ Kf8 53. h4
b4 54. h5 Nd2+ 55. Ke3 Nc4+ 56. Kd3 Nb2+ 57. Ke4 bxa3 58. h6 Rb3 59. h7 1-0

[Event "Skakligaen 2005/06"]
[Site "Denmark"]
[Date "2006.03.18"]
[Round "8.8"]
[White "Petersen, Aage"]
[Black "Danstrup, Niels"]
[Result "1/2-1/2"]
[WhiteElo "1948"]
[BlackElo "2120"]
[PlyCount "61"]
[EventDate "2005.11.05"]
[EventType "team"]
[EventRounds "9"]
[EventCountry "DEN"]
[WhiteTeam "Helsingor"]
[BlackTeam "Nordre"]
[WhiteTeamCountry "DEN"]
[BlackTeamCountry "DEN"]

1. d4 Nf6 2. Nf3 d6 3. Nc3 g6 4. e4 Bg7 5. Be3 O-O 6. Qd2 c6 7. Bh6 b5 8. Bxg7
Kxg7 9. Bd3 Qc7 10. O-O-O e5 11. dxe5 dxe5 12. Qg5 Ng4 13. Qh4 f6 14. h3 Nh6
15. g4 Be6 16. Qg3 Nd7 17. Rhg1 b4 18. Nd4 Nc5 19. Nxe6+ Nxe6 20. Ne2 Rad8 21.
Bc4 Nc5 22. f3 Rxd1+ 23. Rxd1 Rd8 24. Rxd8 Qxd8 25. g5 Nf7 26. Qf2 Qd6 27.
gxf6+ Kxf6 28. Qe3 Ng5 29. h4 Nge6 30. Bxe6 Kxe6 31. Qd2 1/2-1/2

[Event "Skakligaen 2005/06"]
[Site "Denmark"]
[Date "2006.03.19"]
[Round "9.1"]
[White "Andreasen, Per Naesby"]
[Black "Hector, Jonny"]
[Result "0-1"]
[WhiteElo "2280"]
[BlackElo "2509"]
[PlyCount "68"]
[EventDate "2005.11.05"]
[EventType "team"]
[EventRounds "9"]
[EventCountry "DEN"]
[WhiteTeam "Norresundby"]
[BlackTeam "Nordkalotten"]
[WhiteTeamCountry "DEN"]
[BlackTeamCountry "DEN"]

1. c4 e5 2. Nc3 Nf6 3. Nf3 Nc6 4. e3 Bb4 5. Qc2 O-O 6. Nd5 Be7 7. a3 Re8 8. d3
d6 9. Be2 Nxd5 10. cxd5 Nb8 11. O-O c6 12. dxc6 Nxc6 13. d4 Be6 14. Qd3 exd4
15. Nxd4 Nxd4 16. exd4 Bf6 17. Be3 Bd5 18. Rac1 a6 19. Qd2 Qd7 20. Rc3 b5 21.
Rfc1 Bd8 22. Bf4 Ba5 23. b4 Bb6 24. Rg3 f6 25. Bg4 f5 26. Bh5 Re6 27. Bh6 g6
28. h4 Rae8 29. Be3 Qf7 30. Bd1 Re4 31. Bf3 Rxh4 32. Bg5 Rxd4 33. Bxd5 Qxd5 34.
Qb2 f4 0-1

[Event "Skakligaen 2005/06"]
[Site "Denmark"]
[Date "2006.03.19"]
[Round "9.2"]
[White "Kristensen, Kaare Hove"]
[Black "Sorensen, Bent"]
[Result "1-0"]
[WhiteElo "2314"]
[BlackElo "2262"]
[PlyCount "47"]
[EventDate "2005.11.05"]
[EventType "team"]
[EventRounds "9"]
[EventCountry "DEN"]
[WhiteTeam "Nordkalotten"]
[BlackTeam "Norresundby"]
[WhiteTeamCountry "DEN"]
[BlackTeamCountry "DEN"]

1. c4 e6 2. Nc3 d5 3. d4 c6 4. e4 dxe4 5. Nxe4 Bb4+ 6. Bd2 Qxd4 7. Bxb4 Qxe4+
8. Be2 Na6 9. Bd6 e5 10. Nf3 Bg4 11. O-O Nf6 12. Re1 O-O-O 13. Nxe5 Be6 14. Bd3
Qh4 15. g3 Qh3 16. c5 Nc7 17. Bf1 Qf5 18. Qa4 Nfe8 19. Nxc6 bxc6 20. Ba6+ Kd7
21. Bb7 Nxd6 22. Qxc6+ Ke7 23. Qxc7+ Kf6 24. cxd6 1-0

[Event "Skakligaen 2005/06"]
[Site "Denmark"]
[Date "2006.03.19"]
[Round "9.3"]
[White "Jorgensen, Jorgen"]
[Black "Nielsen, Lars Aaes"]
[Result "0-1"]
[WhiteElo "2274"]
[BlackElo "2182"]
[PlyCount "64"]
[EventDate "2005.11.05"]
[EventType "team"]
[EventRounds "9"]
[EventCountry "DEN"]
[WhiteTeam "Norresundby"]
[BlackTeam "Nordkalotten"]
[WhiteTeamCountry "DEN"]
[BlackTeamCountry "DEN"]

1. d4 e6 2. c4 Nf6 3. g3 Bb4+ 4. Bd2 Be7 5. Bg2 d5 6. Nf3 O-O 7. O-O c6 8. Qc2
b6 9. b3 a5 10. Bg5 Ba6 11. Nbd2 b5 12. Rfd1 Nbd7 13. h4 Rc8 14. e4 bxc4 15.
bxc4 Nxe4 16. Nxe4 dxe4 17. Bxe7 Qxe7 18. Ng5 f5 19. Rab1 h6 20. Nh3 e5 21. Qa4
exd4 22. Rxd4 Ne5 23. Qxa5 Bxc4 24. Rc1 Ra8 25. Qc3 Bxa2 26. Bxe4 fxe4 27. Rxe4
Qd7 28. Nf4 Rxf4 29. gxf4 Qg4+ 30. Qg3 Nf3+ 31. Kh1 Qxg3 32. fxg3 Bd5 0-1

[Event "Skakligaen 2005/06"]
[Site "Denmark"]
[Date "2006.03.19"]
[Round "9.4"]
[White "Jakobsen, Peter"]
[Black "Pedersen, Svend"]
[Result "1/2-1/2"]
[WhiteElo "2162"]
[BlackElo "2260"]
[PlyCount "46"]
[EventDate "2005.11.05"]
[EventType "team"]
[EventRounds "9"]
[EventCountry "DEN"]
[WhiteTeam "Nordkalotten"]
[BlackTeam "Norresundby"]
[WhiteTeamCountry "DEN"]
[BlackTeamCountry "DEN"]

1. c4 e5 2. g3 Nc6 3. Bg2 g6 4. Nc3 Bg7 5. e4 d6 6. Nge2 Be6 7. d3 Qd7 8. Nd5
f5 9. O-O Nf6 10. Bh6 O-O 11. Bxg7 Kxg7 12. Qd2 Rae8 13. Rac1 Rf7 14. b4 Nd4
15. Nxd4 exd4 16. Nxf6 Rxf6 17. f4 fxe4 18. Bxe4 c5 19. a4 Bf5 20. Rfe1 Rfe6
21. Bxf5 gxf5 22. bxc5 dxc5 23. Re5 Rxe5 1/2-1/2

[Event "Skakligaen 2005/06"]
[Site "Denmark"]
[Date "2006.03.19"]
[Round "9.5"]
[White "Nielsen, Tommy"]
[Black "Koch, Soren Andreas"]
[Result "1/2-1/2"]
[WhiteElo "2154"]
[BlackElo "2106"]
[PlyCount "37"]
[EventDate "2005.11.05"]
[EventType "team"]
[EventRounds "9"]
[EventCountry "DEN"]
[WhiteTeam "Norresundby"]
[BlackTeam "Nordkalotten"]
[WhiteTeamCountry "DEN"]
[BlackTeamCountry "DEN"]

1. e4 e5 2. Nf3 Nc6 3. Bb5 Nge7 4. O-O g6 5. c3 Bg7 6. d4 exd4 7. cxd4 d5 8.
exd5 Nxd5 9. Re1+ Be6 10. Bxc6+ bxc6 11. Bg5 Qb8 12. Nc3 O-O 13. Qd2 Re8 14. a3
c5 15. dxc5 Nxc3 16. bxc3 Qb3 17. Nd4 Qc4 18. c6 Bd5 19. Rxe8+ 1/2-1/2

[Event "Skakligaen 2005/06"]
[Site "Denmark"]
[Date "2006.03.19"]
[Round "9.6"]
[White "Doucha, Ludvig"]
[Black "Willumsen, Henrik"]
[Result "0-1"]
[WhiteElo "2080"]
[BlackElo "2163"]
[PlyCount "78"]
[EventDate "2005.11.05"]
[EventType "team"]
[EventRounds "9"]
[EventCountry "DEN"]
[WhiteTeam "Nordkalotten"]
[BlackTeam "Norresundby"]
[WhiteTeamCountry "DEN"]
[BlackTeamCountry "DEN"]

1. e4 c5 2. c4 Nc6 3. Ne2 Nf6 4. Nbc3 e6 5. Nf4 g6 6. g3 d6 7. Bg2 Bg7 8. d3 a6
9. O-O O-O 10. Rb1 Rb8 11. h3 b5 12. b3 b4 13. Na4 Nd4 14. Ne2 e5 15. Nxd4 cxd4
16. Bg5 h6 17. Bd2 Bd7 18. Nb2 Nh5 19. Kh2 Qc8 20. f4 exf4 21. gxf4 f5 22. Qe2
a5 23. Rbe1 Bf6 24. Rf3 Re8 25. Nd1 Bc6 26. Nf2 Rb7 27. Rg1 Bh4 28. Qd1 Rg7 29.
Bh1 Kh7 30. Bc1 Nf6 31. Bb2 fxe4 32. dxe4 Nxe4 33. Nxe4 Bxe4 34. Qxd4 Rf7 35.
Re3 Bxh1 36. Rxe8 Qxe8 37. Kxh1 Bf6 38. Qxd6 Qe4+ 39. Rg2 Bxb2 0-1

[Event "Skakligaen 2005/06"]
[Site "Denmark"]
[Date "2006.03.19"]
[Round "9.7"]
[White "Nielsen, John Bauneborg"]
[Black "Lilja, Richard"]
[Result "1/2-1/2"]
[WhiteElo "2163"]
[BlackElo "2014"]
[PlyCount "48"]
[EventDate "2005.11.05"]
[EventType "team"]
[EventRounds "9"]
[EventCountry "DEN"]
[WhiteTeam "Norresundby"]
[BlackTeam "Nordkalotten"]
[WhiteTeamCountry "DEN"]
[BlackTeamCountry "DEN"]

1. d4 Nf6 2. c4 g6 3. Nc3 Bg7 4. g3 O-O 5. Bg2 d6 6. e3 c5 7. Nge2 Nc6 8. d5
Na5 9. Qd3 Rb8 10. O-O a6 11. Bd2 b5 12. b3 b4 13. Na4 Bd7 14. a3 Bf5 15. e4
Nxe4 16. Bxe4 Bxe4 17. Qxe4 Nxb3 18. Ra2 Nxd2 19. Rxd2 Qa5 20. axb4 Rxb4 21.
Nac3 Bxc3 22. Nxc3 Rb3 23. Nb1 Rxb1 24. Rxb1 Qxd2 1/2-1/2

[Event "Skakligaen 2005/06"]
[Site "Denmark"]
[Date "2006.03.19"]
[Round "9.8"]
[White "Andersen, Peter Vestergaard"]
[Black "Kaysfeld, Henrik"]
[Result "0-1"]
[WhiteElo "1949"]
[BlackElo "2106"]
[PlyCount "52"]
[EventDate "2005.11.05"]
[EventType "team"]
[EventRounds "9"]
[EventCountry "DEN"]
[WhiteTeam "Nordkalotten"]
[BlackTeam "Norresundby"]
[WhiteTeamCountry "DEN"]
[BlackTeamCountry "DEN"]

1. e4 d6 2. d4 Nf6 3. Nc3 g6 4. f4 Bg7 5. Nf3 O-O 6. Be2 c5 7. dxc5 Qa5 8. Bd3
Qxc5 9. Qe2 Nc6 10. Be3 Qb4 11. Qd2 Ng4 12. Nd1 Nxe3 13. c3 Nxg2+ 14. Qxg2 Qc5
15. h4 f5 16. h5 fxe4 17. Bxe4 Rxf4 18. Nf2 Bf5 19. Bxf5 Qxf5 20. hxg6 Rxf3 21.
gxh7+ Kh8 22. Rg1 Qe5+ 23. Kd1 Raf8 24. Ng4 Qd5+ 25. Kc2 Nb4+ 26. cxb4 Qd3+ 0-1

[Event "Skakligaen 2005/06"]
[Site "Denmark"]
[Date "2006.03.19"]
[Round "9.1"]
[White "Hillarp Persson, Tiger"]
[Black "Pedersen, Christian Kyndel"]
[Result "1-0"]
[WhiteElo "2534"]
[BlackElo "2405"]
[PlyCount "79"]
[EventDate "2005.11.05"]
[EventType "team"]
[EventRounds "9"]
[EventCountry "DEN"]
[WhiteTeam "Bronshoj"]
[BlackTeam "Nordre"]
[WhiteTeamCountry "DEN"]
[BlackTeamCountry "DEN"]

1. d4 Nf6 2. c4 g6 3. Nc3 Bg7 4. e4 d6 5. Be2 O-O 6. Be3 e5 7. d5 Na6 8. g4 Nc5
9. Bf3 a5 10. h4 c6 11. g5 Nfd7 12. Be2 cxd5 13. cxd5 f5 14. Nf3 Nxe4 15. Nxe4
fxe4 16. Nd2 Nc5 17. Bxc5 dxc5 18. Nc4 e3 19. fxe3 e4 20. a4 Kh8 21. Qd2 Bd7
22. h5 Qxg5 23. O-O-O Rf2 24. h6 Bf6 25. Nd6 Qg2 26. Rdg1 Rxe2 27. Rxg2 Rxd2
28. Rxd2 Bf5 29. Rf1 Rf8 30. Nxf5 gxf5 31. Rxf5 Bxb2+ 32. Kxb2 Rxf5 33. d6 Rf8
34. Kc3 Kg8 35. Kc4 Rd8 36. Kd5 Kf7 37. Rf2+ Ke8 38. Ke6 b6 39. Rg2 Kf8 40. d7
1-0

[Event "Skakligaen 2005/06"]
[Site "Denmark"]
[Date "2006.03.19"]
[Round "9.2"]
[White "Christensen, Jan Schleicher"]
[Black "Pilgaard, Kim"]
[Result "0-1"]
[WhiteElo "2243"]
[BlackElo "2417"]
[PlyCount "118"]
[EventDate "2005.11.05"]
[EventType "team"]
[EventRounds "9"]
[EventCountry "DEN"]
[WhiteTeam "Nordre"]
[BlackTeam "Bronshoj"]
[WhiteTeamCountry "DEN"]
[BlackTeamCountry "DEN"]

1. d4 Nf6 2. Nf3 e6 3. e3 b6 4. Bd3 Bb7 5. O-O Be7 6. c4 O-O 7. Nc3 d5 8. b3 c5
9. cxd5 cxd4 10. Nxd4 Nxd5 11. Bb2 Nd7 12. Rc1 Nc5 13. Bb1 Bf6 14. Qg4 Nxc3 15.
Bxc3 Qd5 16. Rfd1 h5 17. Qh3 Rfd8 18. Re1 Ne4 19. Bxe4 Qxe4 20. Nf3 Bxc3 21.
Rxc3 Qb4 22. Rc4 Qa5 23. Rec1 Rd7 24. Ra4 Qc3 25. Rc4 Qa5 26. Ra4 Rad8 27. Rd4
Rxd4 28. exd4 Bxf3 29. Qxf3 Qd2 30. Qd1 Qxd4 31. Qxh5 Qd2 32. Ra1 g6 33. Qf3
Rd3 34. Qa8+ Rd8 35. Qf3 Rd3 36. Qa8+ Kg7 37. Qe4 Qxa2 38. Qe5+ Kg8 39. h4 Qxb3
40. Rxa7 Rd8 41. Qf6 Rf8 42. Kh2 Qd5 43. g4 Qd8 44. Qxd8 Rxd8 45. Rb7 Rd2 46.
Kg3 Rb2 47. h5 gxh5 48. gxh5 b5 49. f4 b4 50. Kh4 b3 51. Kg5 Rb1 52. Kf6 b2 53.
Rb8+ Kh7 54. Kxf7 e5 55. fxe5 Rf1+ 56. Ke8 b1=Q 57. Rxb1 Rxb1 58. e6 Kg7 59. e7
Rb8+ 0-1

[Event "Skakligaen 2005/06"]
[Site "Denmark"]
[Date "2006.03.19"]
[Round "9.3"]
[White "Hoi, Carsten"]
[Black "Petersen, Tom Petri"]
[Result "1-0"]
[WhiteElo "2382"]
[BlackElo "2241"]
[PlyCount "75"]
[EventDate "2005.11.05"]
[EventType "team"]
[EventRounds "9"]
[EventCountry "DEN"]
[WhiteTeam "Bronshoj"]
[BlackTeam "Nordre"]
[WhiteTeamCountry "DEN"]
[BlackTeamCountry "DEN"]

1. d4 Nf6 2. Nf3 d6 3. c4 g6 4. Nc3 Bg7 5. e4 O-O 6. h3 c5 7. d5 Na6 8. Bd3 Nc7
9. O-O a6 10. a4 b6 11. Bg5 e5 12. Qd2 Bd7 13. Nh2 Qe8 14. g4 Kh8 15. f4 Ng8
16. f5 f6 17. Be3 g5 18. h4 h6 19. Nf3 Ne7 20. Qh2 Kg8 21. Kg2 Rf7 22. hxg5
fxg5 23. Nxg5 hxg5 24. Bxg5 Kf8 25. f6 Ng8 26. fxg7+ Kxg7 27. Rxf7+ Qxf7 28.
Rh1 Qg6 29. Qh4 Kf8 30. Rf1+ Ke8 31. Qh5 Ne7 32. Rf6 Qxh5 33. gxh5 Ng8 34. Rxd6
Bg4 35. h6 Kf7 36. Rxb6 Ne7 37. Bxe7 Rg8 38. h7 1-0

[Event "Skakligaen 2005/06"]
[Site "Denmark"]
[Date "2006.03.19"]
[Round "9.4"]
[White "Hoiberg, Nina"]
[Black "Bromann, Thorbjorn"]
[Result "0-1"]
[WhiteElo "2252"]
[BlackElo "2349"]
[PlyCount "66"]
[EventDate "2005.11.05"]
[EventType "team"]
[EventRounds "9"]
[EventCountry "DEN"]
[WhiteTeam "Nordre"]
[BlackTeam "Bronshoj"]
[WhiteTeamCountry "DEN"]
[BlackTeamCountry "DEN"]

1. d4 d5 2. Nc3 Bf5 3. f3 e6 4. e4 Bg6 5. Bf4 Bb4 6. exd5 Qxd5 7. a3 Bxc3+ 8.
bxc3 Qa5 9. Qd2 Ne7 10. Bc4 O-O 11. Ne2 Nd7 12. O-O Nd5 13. Rfb1 N7b6 14. Bd3
Nxf4 15. Qxf4 Rac8 16. a4 a6 17. Be4 Bxe4 18. Qxe4 Rb8 19. Rb3 Rfd8 20. Nf4 c5
21. Qe5 Nd7 22. Qg5 h6 23. Qg3 Nf6 24. Qf2 c4 25. Rb4 e5 26. Ne2 exd4 27. Nxd4
Qc5 28. Ne2 Qe5 29. Nd4 Qc5 30. Ne2 Qc7 31. Qg3 Qe7 32. Nd4 Qe3+ 33. Qf2 Qxc3
0-1

[Event "Skakligaen 2005/06"]
[Site "Denmark"]
[Date "2006.03.19"]
[Round "9.5"]
[White "Brinck Claussen, Bjorn"]
[Black "Veng, Johny"]
[Result "1-0"]
[WhiteElo "2306"]
[BlackElo "2185"]
[PlyCount "61"]
[EventDate "2005.11.05"]
[EventType "team"]
[EventRounds "9"]
[EventCountry "DEN"]
[WhiteTeam "Bronshoj"]
[BlackTeam "Nordre"]
[WhiteTeamCountry "DEN"]
[BlackTeamCountry "DEN"]

1. e4 g6 2. d4 Bg7 3. Nc3 Nc6 4. Be3 d5 5. exd5 Nb4 6. Bb5+ Bd7 7. Bc4 Bf5 8.
Bb3 Nf6 9. Qd2 Nbxd5 10. Nxd5 Nxd5 11. Bh6 Bxh6 12. Qxh6 Qd6 13. Ne2 O-O-O 14.
O-O-O Qc6 15. f3 a5 16. Qd2 a4 17. Bxd5 Qxd5 18. Nc3 Qa5 19. a3 h5 20. Qe3 e6
21. h4 Rhe8 22. Qe5 Qxe5 23. dxe5 Rxd1+ 24. Rxd1 Rg8 25. f4 b6 26. Rd4 Kb7 27.
Nxa4 Kc6 28. Nc3 b5 29. Rb4 Rb8 30. a4 Ra8 31. Nxb5 1-0

[Event "Skakligaen 2005/06"]
[Site "Denmark"]
[Date "2006.03.19"]
[Round "9.6"]
[White "Pedersen, Karl"]
[Black "Carstensen, Jacob"]
[Result "1/2-1/2"]
[WhiteElo "2244"]
[BlackElo "2303"]
[PlyCount "38"]
[EventDate "2005.11.05"]
[EventType "team"]
[EventRounds "9"]
[EventCountry "DEN"]
[WhiteTeam "Nordre"]
[BlackTeam "Bronshoj"]
[WhiteTeamCountry "DEN"]
[BlackTeamCountry "DEN"]

1. e4 c5 2. Nc3 Nc6 3. g3 g6 4. Bg2 Bg7 5. f4 d6 6. d3 e6 7. Nf3 Nge7 8. O-O
O-O 9. g4 f5 10. gxf5 exf5 11. Be3 Nd4 12. Qd2 Nxf3+ 13. Rxf3 Be6 14. Re1 Bf7
15. Bf2 Qb6 16. e5 dxe5 17. fxe5 Rac8 18. Bh4 Nd5 19. Rf2 Nxc3 1/2-1/2

[Event "Skakligaen 2005/06"]
[Site "Denmark"]
[Date "2006.03.19"]
[Round "9.7"]
[White "Palm, Nikolaj"]
[Black "Hansen, Per"]
[Result "1/2-1/2"]
[WhiteElo "2231"]
[BlackElo "2140"]
[PlyCount "47"]
[EventDate "2005.11.05"]
[EventType "team"]
[EventRounds "9"]
[EventCountry "DEN"]
[WhiteTeam "Bronshoj"]
[BlackTeam "Nordre"]
[WhiteTeamCountry "DEN"]
[BlackTeamCountry "DEN"]

1. d4 Nf6 2. Nf3 g6 3. e3 Bg7 4. b3 O-O 5. Bb2 d6 6. Be2 e5 7. c4 c6 8. dxe5
Ng4 9. Qc2 Nxe5 10. Nbd2 Na6 11. Rd1 Nb4 12. Qb1 Bf5 13. e4 Nxf3+ 14. gxf3 Be6
15. a3 Na6 16. Nf1 Qe7 17. Bxg7 Kxg7 18. Qb2+ f6 19. h4 Rad8 20. h5 Nc7 21.
hxg6 hxg6 22. Qc1 Rh8 23. Rxh8 Rxh8 24. Qe3 1/2-1/2

[Event "Skakligaen 2005/06"]
[Site "Denmark"]
[Date "2006.03.19"]
[Round "9.8"]
[White "Danstrup, Niels"]
[Black "Ligaard, Morten Lund"]
[Result "1/2-1/2"]
[WhiteElo "2120"]
[BlackElo "2196"]
[PlyCount "42"]
[EventDate "2005.11.05"]
[EventType "team"]
[EventRounds "9"]
[EventCountry "DEN"]
[WhiteTeam "Nordre"]
[BlackTeam "Bronshoj"]
[WhiteTeamCountry "DEN"]
[BlackTeamCountry "DEN"]

1. e4 d5 2. exd5 Nf6 3. d4 Nxd5 4. Nf3 g6 5. Be2 Bg7 6. O-O O-O 7. h3 Nc6 8. c4
Nb6 9. Be3 e5 10. dxe5 Nxe5 11. Nxe5 Bxe5 12. Qc1 Na4 13. Nc3 Nxc3 14. bxc3 Qf6
15. Bg5 Qb6 16. Qa3 c6 17. Rad1 Be6 18. Rd2 Rfe8 19. Rfd1 Qc7 20. Qb4 c5 21.
Qa3 Kg7 1/2-1/2

[Event "Skakligaen 2005/06"]
[Site "Denmark"]
[Date "2006.03.19"]
[Round "9.1"]
[White "Matthiesen, Martin"]
[Black "Schandorff, Lars"]
[Result "1/2-1/2"]
[WhiteElo "2361"]
[BlackElo "2530"]
[PlyCount "44"]
[EventDate "2005.11.05"]
[EventType "team"]
[EventRounds "9"]
[EventCountry "DEN"]
[WhiteTeam "SK1968"]
[BlackTeam "Helsinge"]
[WhiteTeamCountry "DEN"]
[BlackTeamCountry "DEN"]

1. e4 c6 2. d4 d5 3. Nc3 dxe4 4. Nxe4 Bf5 5. Ng3 Bg6 6. h4 h6 7. Nf3 Nd7 8. h5
Bh7 9. Bd3 Bxd3 10. Qxd3 e6 11. Bf4 Qa5+ 12. Bd2 Bb4 13. c3 Be7 14. c4 Qc7 15.
O-O Ngf6 16. Rfe1 O-O 17. Nf5 exf5 18. Rxe7 Qd6 19. Ree1 Ne4 20. g3 Ndc5 21.
Qc2 Nxd2 22. Qxd2 Rfe8 1/2-1/2

[Event "Skakligaen 2005/06"]
[Site "Denmark"]
[Date "2006.03.19"]
[Round "9.2"]
[White "Hutters, Tomas"]
[Black "Matthiesen, Arne"]
[Result "1-0"]
[WhiteElo "2440"]
[BlackElo "2368"]
[PlyCount "71"]
[EventDate "2005.11.05"]
[EventType "team"]
[EventRounds "9"]
[EventCountry "DEN"]
[WhiteTeam "Helsinge"]
[BlackTeam "SK1968"]
[WhiteTeamCountry "DEN"]
[BlackTeamCountry "DEN"]

1. d4 d5 2. c4 c6 3. Nf3 Nf6 4. Qc2 dxc4 5. Qxc4 Bg4 6. Nc3 Nbd7 7. Ng5 e6 8.
f3 Bh5 9. e4 Be7 10. Be3 O-O 11. h4 Bg6 12. g4 h5 13. gxh5 Bxh5 14. Qb3 b5 15.
O-O-O a5 16. Qc2 g6 17. Kb1 Nb6 18. Be2 b4 19. Na4 Nxa4 20. Qxa4 Qb6 21. Rc1
Rfc8 22. Rc4 Nd7 23. Rhc1 Ne5 24. R4c2 Bxg5 25. hxg5 Nxf3 26. Rxc6 Rxc6 27.
Rxc6 Qb8 28. Qd1 Qg3 29. Rc5 a4 30. d5 Nxg5 31. Bxg5 Bxe2 32. Qc1 Qd3+ 33. Ka1
Qd1 34. Qxd1 Bxd1 35. d6 Ra7 36. Rc7 1-0

[Event "Skakligaen 2005/06"]
[Site "Denmark"]
[Date "2006.03.19"]
[Round "9.3"]
[White "Hansen, Lars"]
[Black "Pedersen, Steffen"]
[Result "0-1"]
[WhiteElo "2255"]
[BlackElo "2463"]
[PlyCount "96"]
[EventDate "2005.11.05"]
[EventType "team"]
[EventRounds "9"]
[EventCountry "DEN"]
[WhiteTeam "SK1968"]
[BlackTeam "Helsinge"]
[WhiteTeamCountry "DEN"]
[BlackTeamCountry "DEN"]

1. g3 d5 2. Bg2 Nf6 3. d3 c6 4. Nf3 Bg4 5. Nbd2 Nbd7 6. h3 Bh5 7. O-O e5 8. e4
dxe4 9. dxe4 Bc5 10. Qe1 O-O 11. Nh4 Re8 12. a4 Qc7 13. Nc4 Nb6 14. Ne3 Nfd7
15. Nef5 a5 16. b3 Nc8 17. Bb2 f6 18. Qc3 Nd6 19. Bf3 Bf7 20. Nxd6 Bxd6 21. Nf5
Bf8 22. Bc1 Rad8 23. Be3 Be6 24. Kg2 Bb4 25. Qb2 b5 26. Be2 Nc5 27. Bxc5 Bxc5
28. axb5 cxb5 29. Rad1 Qc6 30. f3 Qb6 31. Rxd8 Rxd8 32. Rd1 g6 33. Nh6+ Kg7 34.
Ng4 Rxd1 35. Bxd1 h5 36. Nh2 a4 37. bxa4 bxa4 38. Qxb6 Bxb6 39. c4 a3 40. Bb3
Kf7 41. g4 Ke7 42. Kf1 Kd6 43. Ke2 Kc5 44. Kd3 Kb4 45. Ba2 Bd7 46. Nf1 Ba4 47.
Nd2 Bc5 48. h4 Bd1 0-1

[Event "Skakligaen 2005/06"]
[Site "Denmark"]
[Date "2006.03.19"]
[Round "9.4"]
[White "Berg, Klaus"]
[Black "Sobjerg, Erik"]
[Result "1/2-1/2"]
[WhiteElo "2404"]
[BlackElo "2288"]
[PlyCount "54"]
[EventDate "2005.11.05"]
[EventType "team"]
[EventRounds "9"]
[EventCountry "DEN"]
[WhiteTeam "Helsinge"]
[BlackTeam "SK1968"]
[WhiteTeamCountry "DEN"]
[BlackTeamCountry "DEN"]

1. d4 d5 2. Nf3 Nc6 3. e3 Bg4 4. Bb5 e6 5. Nbd2 Nge7 6. O-O a6 7. Be2 Nc8 8. c4
Be7 9. b3 O-O 10. Bb2 Bf6 11. Rc1 Nb6 12. a3 Re8 13. Qc2 Bf5 14. Bd3 Bxd3 15.
Qxd3 Rc8 16. Rfd1 h6 17. h3 Na5 18. e4 dxc4 19. bxc4 c5 20. e5 Be7 21. Ne4 Na4
22. Ba1 cxd4 23. Bxd4 Nc5 24. Qe3 Nxe4 25. Qxe4 Rxc4 26. Rxc4 Nxc4 27. Qxb7
Nxa3 1/2-1/2

[Event "Skakligaen 2005/06"]
[Site "Denmark"]
[Date "2006.03.19"]
[Round "9.5"]
[White "Lindfeldt, Jan Magnus"]
[Black "Fries Nielsen, Niels Jorgen"]
[Result "0-1"]
[WhiteElo "2231"]
[BlackElo "2386"]
[PlyCount "72"]
[EventDate "2005.11.05"]
[EventType "team"]
[EventRounds "9"]
[EventCountry "DEN"]
[WhiteTeam "SK1968"]
[BlackTeam "Helsinge"]
[WhiteTeamCountry "DEN"]
[BlackTeamCountry "DEN"]

1. e4 d6 2. d4 Nf6 3. Nc3 g6 4. f4 Bg7 5. Nf3 O-O 6. Bd3 c5 7. dxc5 dxc5 8. Qe2
Nc6 9. e5 Ne8 10. Be3 Nd4 11. Qf2 f6 12. O-O-O Bg4 13. Bc4+ Kh8 14. Nxd4 cxd4
15. Rxd4 Qc8 16. f5 Bxf5 17. Nd5 fxe5 18. Rh4 Nf6 19. Nxe7 Qd7 20. Bg5 h5 21.
g4 Nxg4 22. Rxg4 Bxg4 23. Nxg6+ Kh7 24. Nxf8+ Rxf8 25. Qh4 e4 26. h3 Bf3 27.
Rf1 Qf5 28. Be3 b5 29. Be2 Qe5 30. Bxf3 exf3 31. Bg5 Qxb2+ 32. Kd2 Qc3+ 33. Kc1
Qa1+ 34. Kd2 Qxf1 35. Qxh5+ Kg8 36. Be7 Qe2+ 0-1

[Event "Skakligaen 2005/06"]
[Site "Denmark"]
[Date "2006.03.19"]
[Round "9.6"]
[White "Bekker Jensen, Simon"]
[Black "Christensen, Thomas K"]
[Result "0-1"]
[WhiteElo "2410"]
[BlackElo "2245"]
[PlyCount "96"]
[EventDate "2005.11.05"]
[EventType "team"]
[EventRounds "9"]
[EventCountry "DEN"]
[WhiteTeam "Helsinge"]
[BlackTeam "SK1968"]
[WhiteTeamCountry "DEN"]
[BlackTeamCountry "DEN"]

1. d4 d5 2. c4 c6 3. Nf3 Nf6 4. Nc3 e6 5. Bg5 h6 6. Bxf6 Qxf6 7. e3 Nd7 8. a3
g6 9. b4 Bg7 10. cxd5 exd5 11. Bd3 O-O 12. O-O a6 13. a4 a5 14. b5 Re8 15. Qb3
Bf8 16. Rac1 g5 17. e4 g4 18. e5 Qd8 19. Nd2 Qg5 20. Qc2 f6 21. f4 Qg7 22. Ne2
c5 23. Bg6 Re7 24. Ng3 cxd4 25. Nf5 Qh8 26. Qb3 Nb6 27. Nxe7+ Bxe7 28. Be4 Kg7
29. Bxd5 Qd8 30. Be4 f5 31. Bd3 Nd5 32. Bc4 Be6 33. Bxd5 Bxd5 34. Qd3 Be6 35.
Nc4 Kg6 36. Rfd1 Bc5 37. Nd6 b6 38. Rd2 Ra7 39. Rcd1 Rd7 40. Qe2 Rxd6 41. exd6
d3+ 42. Qf2 Qxd6 43. Rxd3 Bxf2+ 44. Kxf2 Qxf4+ 45. Kg1 Kg5 46. Rd4 Qe3+ 47. Kh1
Bb3 48. R4d3 Qe2 0-1

[Event "Skakligaen 2005/06"]
[Site "Denmark"]
[Date "2006.03.19"]
[Round "9.7"]
[White "Alkaersig, Ole"]
[Black "Bekker Jensen, David"]
[Result "1-0"]
[WhiteElo "2181"]
[BlackElo "2285"]
[PlyCount "51"]
[EventDate "2005.11.05"]
[EventType "team"]
[EventRounds "9"]
[EventCountry "DEN"]
[WhiteTeam "SK1968"]
[BlackTeam "Helsinge"]
[WhiteTeamCountry "DEN"]
[BlackTeamCountry "DEN"]

1. e4 c5 2. Nf3 d6 3. Bb5+ Bd7 4. Bxd7+ Qxd7 5. O-O Nf6 6. e5 dxe5 7. Nxe5 Qc7
8. d4 e6 9. Bf4 Bd6 10. Na3 Bxe5 11. dxe5 Nd5 12. Nb5 Qe7 13. Nd6+ Kf8 14. Bg3
Nc6 15. c4 Nb6 16. f4 Kg8 17. Qh5 Nc8 18. Bh4 Qd7 19. Rad1 Nd4 20. Ne4 Qc6 21.
Rfe1 Nb6 22. Rd3 Nxc4 23. Be7 Nf5 24. Nf6+ gxf6 25. Qxf5 h6 26. Rg3# 1-0